Tuailai leh koppih zonna (Record no. 9532)

MARC details
000 -LEADER
fixed length control field 00397nam a22001577a 4500
003 - CONTROL NUMBER IDENTIFIER
control field GBCCL
005 - DATE AND TIME OF LATEST TRANSACTION
control field 20241126110714.0
008 - FIXED-LENGTH DATA ELEMENTS--GENERAL INFORMATION
fixed length control field 230303b ||||| |||| 00| 0 eng d
040 ## - CATALOGING SOURCE
Transcribing agency gbc
082 ## - DEWEY DECIMAL CLASSIFICATION NUMBER
Classification number 248.83
Item number TOM
100 ## - MAIN ENTRY--PERSONAL NAME
Personal name Tombing, Pum Za Thang
9 (RLIN) 7924
245 ## - TITLE STATEMENT
Title Tuailai leh koppih zonna
260 ## - PUBLICATION, DISTRIBUTION, ETC.
Place of publication, distribution, etc. Bangalore :
Name of publisher, distributor, etc. Gilead ministries trust,
Date of publication, distribution, etc. 2011
300 ## - PHYSICAL DESCRIPTION
Extent 76p .
942 ## - ADDED ENTRY ELEMENTS (KOHA)
Source of classification or shelving scheme Dewey Decimal Classification
Koha item type Books
Koha issues (borrowed), all copies 1
Holdings
Withdrawn status Lost status Source of classification or shelving scheme Damaged status Not for loan Home library Current Library Shelving location Date acquired Total checkouts Full call number Barcode Date last seen Date last checked out Copy number Price effective from Koha item type
    Dewey Decimal Classification     GRACE BIBLE COLLEGE GRACE BIBLE COLLEGE Vernacular 2023-03-03 1 VER 248.83 TOM 015993 2025-05-01 2024-10-31 c.1 2023-03-03 Books
© Grace Bible College Library 2025